MARC

LEADER 00000nam0a2200000 4500
001 319679
005 20231102003214.0
035 |a (RuTPU)RU\TPU\book\345188 
035 |a RU\TPU\book\345186 
090 |a 319679 
100 |a 20160606d1977 m y0rusy50 ca 
101 0 |a rus 
102 |a RU 
105 |a a z 000zb 
200 1 |a Альбом репродукций  |f К. А. Коровин  |g Государственная Третьяковская галерея ; авт. предисл. И. А. Гутт 
210 |a Москва  |c Изобразительное искусство  |d 1977 
215 |a 28 с.  |c ил. 
225 1 |a Образ и цвет 
600 1 |a Коровин  |b К. А.  |c российский живописец  |f 1861-1939  |g Константин Алексеевич  |2 stltpush  |3 (RuTPU)RU\TPU\pers\11977  |9 3085 
606 1 |a Живопись  |2 stltpush  |3 (RuTPU)RU\TPU\subj\73461  |9 86457 
610 1 |a искусство 
610 1 |a русская живопись 
610 1 |a картины 
610 1 |a Россия 
610 1 |a театральная живопись 
610 1 |a альбомы 
675 |a 75  |v 4 
700 1 |a Коровин  |b К. А.  |c российский живописец  |f 1861-1939  |g Константин Алексеевич  |2 stltpush  |3 (RuTPU)RU\TPU\pers\11977  |9 3085 
702 1 |a Гутт  |b И. А.  |g Ирина Ароновна  |4 080 
712 0 2 |a Государственная Третьяковская галерея  |2 stltpush  |3 (RuTPU)RU\TPU\col\11295  |9 25022 
801 1 |a RU  |b 63413507  |c 20160606 
801 2 |a RU  |b 63413507  |c 20200618  |g RCR 
942 |c BK